Educación sexual fisiología y psicología / (Registro nro. 11367)

Detalles MARC
000 -LIDER
fixed length control field 03093cam a22003253a 4500
001 - NÚMERO DE CONTROL
Identificador de número de control 0000670
003 - IDENTIFICACDOR DE NÚMERO DE CONTROL
control field DO-SdBNP
005 - DATE AND TIME OF LATEST TRANSACTION
control field 20171110085532.0
007 - CAMPOS FIJOS DE DESCRIPCIÓN FÍSICA
fixed length control field 0000670
008 - ELEMENTOS DE LONGITUD FIJA
fixed length control field 861112 2009 mx ac 000 0 spa d
010 ## - NUMERO DE CONTROL DE BIBLIOTECA DEL CONGRESO
LC control number
020 ## - ISBN
International Standard Book Number 9789709852394 (obra completa)
020 ## - ISBN
International Standard Book Number 9789709852400 (t. I)
020 ## - ISBN
International Standard Book Number 9789709852417 (t. II)
040 ## - FUENTE DE CATALOGACIÓN
Agencia que crea de manera original el registro BPMSU
Agencia que realiza la transcripción spa
Agencia que realiza la modificación BPMSU
--
082 ## - NÚMERO DE CLASIFICACIÓN DECIMAL DE DEWEY
Classification number 612.6
Item number E24
245 00 - MENCIÓN DE TITULO
Título Educación sexual fisiología y psicología /
Mención de responsabilidad coordinación editorial Ramiro Martínez Menéndez ; colaboración Victoria Ortíz Hernández
260 ## - PUBLICACIÓN, DISTRIBUCIÓN, ETC. (PIE DE IMPRENTA)
Lugar de publicación, distribución, etc Tlalnepantla, México :
Nombre del editor, distribuidor, etc. Lexus,
-- Ediciones Euroméxico,
Fecha de publicación, distribución, etc 2009.
300 ## - DESCRIPCIÓN FÍSICA
Extensión v. :
Otros detalles físicos il., retrs.
Dimensiones 28 cm.
505 2# - NOTA DE CONTENIDO
Información miscelánea vol. I :
Título Historia de la sexualidad --
-- Precursores --
-- Pedagogía sexual --
-- La mejor edad para empezar con la educación sexual --
-- ¿Cómo aprendo la sexualidad en mi familia? --
-- ¿Por qué no somos iguales hombres y mujeres? --
-- La actividad sexual --
-- Anatomía y fisiología sexual --
-- Aparato genital masculino --
-- Autoexámen de los testículos --
-- Aparato genital femenino --
-- Comportamiento sexual --
-- Respuesta sexual masculina --
-- Eyaculación precoz --
-- Respuesta sexual femenina --
-- Diferencias sexuales --
-- Diferencia sexual --
-- La sexualidad en diferentes edades --
-- Cambios en la pubertad --
-- Sexualidad en la edad adulta --
-- Sexualidad en adultos mayores --
-- Sexualidad durante el embarazo --
505 2# - NOTA DE CONTENIDO
Información miscelánea vol. II :
Título Embarazo y parto --
-- La contracepción y el aborto --
-- El aborto --
-- Métodos anticonceptivos --
-- La homosexualidad --
-- Homosexualidad masculina --
-- Lesbianismo --
-- Diferencias entre las lesbianas y los homosexuales masculinos --
-- Diferencias entre las mujeres homosexuales y las heterosexuales ---
-- El transexualismo --
-- Las parafilias --
-- Fetichismo --
-- Travestimo --
-- Exhibicionismo y vouyerismo --
-- Sadismo y masoquismo --
-- Paidofilia --
-- Otras paidofilias --
-- Bestialismo y zoofilia --
-- Necrofilia --
-- Disfunciones sexuales --
-- Disfunciones sexuales masculinas --
-- Disfunciones sexuales femeninas --
-- Enfermedades de tyransmisión sexual (ETS) --
-- Evolución de las ETS --
-- Incidencia de las ETS --
-- Factores generales que pueden influir en el aumento de las ETS --
-- Abuso sexual --
-- Violación y acoso sexual --
-- Mitos sobre sexualidad --
-- El tamaño del pene --
-- La estimulación del clítoris --
-- Orgasmo vaginal --
-- Menstruación y acto sexual --
-- Embarazo y acto sexual --
-- Masturbación y respuesta sexual --
-- El amor, un elemento escencial en el acto sexual --
-- Los afrodisiacos --
-- La vida en pareja --
-- Algunos mitos en la relación de pareja --
-- Los problemas de pareja --
-- La negociación --
-- Preguntas y respuestas sobre sexualidad --
-- Preguntas generales --
-- Preguntas comunes en la infancia --
-- Preguntas generales en la adolescencia --
600 00 - ENCABEZAMIENTO DE MATERIA--NOMBRE PERSONAL
Nombre personal
Subdivisión temática general
650 #4 - ENCABEZAMIENTO DE MATERIA--TEMÁTICO
Término temático o nombre geográfico como elemento de entrada EDUCACIÓN SEXUAL
700 12 - ASIENTO SECUNDARIO -- NOMBRE PERSONAL
Nombre personal Martínez Menéndez, Ramiro
Mención de responsabilidad coord.
700 12 - ASIENTO SECUNDARIO -- NOMBRE PERSONAL
Nombre personal Ortíz Hernández, Victoria
910 ## - VALIDACIÓN
Validación Validado. Control de calidad MFF
942 ## - ADDED ENTRY ELEMENTS (KOHA)
Source of classification or shelving scheme Dewey Decimal Classification
Koha item type Libros
945 ## - INFORMACIÓN DE PROCESAMIENTO LOCAL
Información de procesamiento local Inventariado, 2017/MFF
956 ## - LOCAL ELECTRONIC LOCATION AND ACCESS (OCLC)
Método de acceso YLOCKWARD
Materiales especificados 10
Campo enlazado y núm. de secuencia BPMSU
Existencias
Withdrawn status Lost status Source of classification or shelving scheme Damaged status Not for loan Collection code Home library Current library Date acquired Source of acquisition Cost, normal purchase price Total Checkouts Full call number Barcode Date last seen Price effective from Koha item type
    Dewey Decimal Classification     Colección General Biblioteca Pública Metropolitana Salomé Ureña Biblioteca Pública Metropolitana Salomé Ureña 09/14/2016 Compra 2800.00   612.6 E24 v.1 BPMSU16090258 09/14/2016 09/14/2016 Libros
    Dewey Decimal Classification     Colección General Biblioteca Pública Metropolitana Salomé Ureña Biblioteca Pública Metropolitana Salomé Ureña 09/14/2016 Compra 2800.00   612.6 E24 v.2 BPMSU16090259 09/14/2016 09/14/2016 Libros